<?xml version="1.0" encoding="UTF-8"?>
<record
    xmlns:xsi="http://www.w3.org/2001/XMLSchema-instance"
    xsi:schemaLocation="http://www.loc.gov/MARC21/slim http://www.loc.gov/standards/marcxml/schema/MARC21slim.xsd"
    xmlns="http://www.loc.gov/MARC21/slim">

  <leader>02679    a2200205   4500</leader>
  <controlfield tag="001">26902</controlfield>
  <controlfield tag="005">20260407155546.0</controlfield>
  <controlfield tag="008">260407a1997    arg                 spa d</controlfield>
  <controlfield tag="003">AR-UNSa-BCEJYS</controlfield>
  <datafield tag="040" ind1=" " ind2=" ">
    <subfield code="a">AR-UNSa-BCEJYS</subfield>
    <subfield code="b">spa</subfield>
    <subfield code="c">AR-UNSa-BCEJYS</subfield>
  </datafield>
  <datafield tag="080" ind1=" " ind2=" ">
    <subfield code="a">347.736</subfield>
    <subfield code="x">Quiebra. Insolvencia. Suspensi&#xF3;n de pagos. Bancarrota, procedimientos. Derecho Concursal</subfield>
  </datafield>
  <datafield tag="245" ind1="1" ind2="0">
    <subfield code="a">Derecho Concursal</subfield>
  </datafield>
  <datafield tag="020" ind1=" " ind2=" ">
    <subfield code="a">950-20-1057-4</subfield>
  </datafield>
  <datafield tag="264" ind1=" " ind2="1">
    <subfield code="a">Buenos Aires :</subfield>
    <subfield code="b">Abeledo Perrot</subfield>
    <subfield code="c">1997</subfield>
  </datafield>
  <datafield tag="300" ind1=" " ind2=" ">
    <subfield code="a">746 p.</subfield>
    <subfield code="c">23 cm.</subfield>
  </datafield>
  <datafield tag="505" ind1=" " ind2=" ">
    <subfield code="a">Parte I: Fundamentos y principios del derecho concursal. Antecedentes de la ley 24.552: Breve historia del derecho argentino de concursos y quiebras: 1. Fundamentos y principios del derecho concursal.Introducci&#xF3;n - 2. Antecedentes de la ley 24.552: Breve historia dl dereecho argentino de concursos y quiebras - Parte II: Estudio de la ley quiebras 24.552: 3. La cesaci&#xF3;n de pagos.Concepto y fundamentos - 4. Conceptos generales de los concursos - 5. El concurso preventivo - 6. Apertura concurso preventivo - 7. Tr&#xE1;mite hasta el acurdo preventivo - 8. El proceso de verificaci&#xF3;n de cr&#xE9;ditos - 9. Concepto. Naturaleza y r&#xE9;gimen del acuerdo preventivo - 10. Impugnaci&#xF3;n y homologaci&#xF3;n del acuerdo.Existencia del acuerdo - 11. Efectos del acuerdo preventivo homologado - 12. El concurso preventivo en caso de agrupamiento - 13. Los acuerdos preventivos extrajudiciales - 14. Declaraci&#xF3;n de la quiebra: casos y presupuestos - 15. Recursos contra la declaraci&#xF3;n de quiebra - 16. Efectos de la quiebra - 17. El per&#xED;odo de sospecha - 18. Efectos generales sobre las realaciones jur&#xED;dicas preexistentes - 19. Efectos sobre ciertas relaciones jur&#xED;dicas en particular - 20. Extensi&#xF3;n de la quiebra. Grupos econ&#xF3;micos - 21. La responsabilidad de los terceros en la quiebra - 22. Incautaci&#xF3;n, conservaci&#xF3;n y administraci&#xF3;n de los bienes del fallido - 23. Continuaci&#xF3;n de la explotaci&#xF3;n de la empresa en quiebra - 24. Efectos de la quiebra sobre el contrato de trabajo - 25. Per&#xED;odo informativo en la quiebra - 26. Liquidaci&#xF3;n en la quiebra: Realizaci&#xF3;n de los bienes - 27. Informe final y distribuci&#xF3;n en la quiebra - 28. Conclusi&#xF3;n de la quiebra - 29. La clausura del procedimiento de quiebra - 30. La inhabilitaci&#xF3;n del fallido - 31. Los privilegios en los concursos - 32. Funcionarios y empleados de los concursos - 33. La regulaci&#xF3;n de honorarios e los concursos - 34. Reglas procesales en la ley de concursos - 35. De los peque&#xF1;os concursos y quiebras - 36. La vigencia de la ley 24.552 - 37. Disposiciones transitorias y complementarias.</subfield>
  </datafield>
  <datafield tag="942" ind1=" " ind2=" ">
    <subfield code="c">BK</subfield>
  </datafield>
  <datafield tag="590" ind1=" " ind2=" ">
    <subfield code="a">niveau_biblio:m niveau_hierar:0</subfield>
  </datafield>
  <datafield tag="100" ind1="1" ind2=" ">
    <subfield code="a">Garc&#xED;a Mart&#xED;nez, Luis</subfield>
  </datafield>
  <datafield tag="999" ind1=" " ind2=" ">
    <subfield code="c">1514</subfield>
    <subfield code="d">1514</subfield>
  </datafield>
  <datafield tag="952" ind1=" " ind2=" ">
    <subfield code="0">0</subfield>
    <subfield code="1">0</subfield>
    <subfield code="4">0</subfield>
    <subfield code="7">0</subfield>
    <subfield code="a">BCEJYS</subfield>
    <subfield code="b">BCEJYS</subfield>
    <subfield code="c">16</subfield>
    <subfield code="d">2026-04-07</subfield>
    <subfield code="l">0</subfield>
    <subfield code="o">347.736 G217</subfield>
    <subfield code="p">L85821</subfield>
    <subfield code="r">2026-04-07 15:55:46</subfield>
    <subfield code="w">2026-04-07</subfield>
    <subfield code="y">L</subfield>
  </datafield>
</record>
